Nucci All Songs - Statistics

General Stats
  • This quiz has been taken 40 times
    4 since last reset
  • The average score is 40 of 54
Answer Stats
Views Song Feat Year % Correct
27m Automatti x 2023
100%
44m Balkan Voyage 2021
100%
22m Bebo x 2020
100%
23m Bebo 2 x 2021
100%
12m Bebo 3 x 2022
100%
24m Bebo 4 x 2024
100%
32m Bella Hadid Voyage 2023
100%
17m Ceo svet Rasta 2024
100%
38m Crno oko x 2022
100%
48m Djerdan Sanja Vucic 2022
100%
22m Frauen Zera 2023
100%
49m Gad Voyage 2022
100%
15m Hihi haha Biba & Devito 2024
100%
19m Hilton Hotel Barca x 2025
100%
24m Metak Severina 2023
100%
15m OMB Relja 2024
100%
3.7m Preko linije Relja 2024
100%
31m Rajske kise x 2023
100%
36m Ruzmarin Sanja Vucic 2023
100%
34m TeaNucci Tea Tairovic 2024
100%
43m Udi na wa x 2020
100%
18m Vagabundo Sanja Vucic 2024
100%
22m Zovite doktore Relja 2022
100%
15m Audi TT x 2024
75%
12m Bambi Popov 2020
75%
45m Bibi x 2021
75%
2.6m Blindirano x 2018
75%
7.5m BMWiliSClass x 2025
75%
2.7m Dodje mi da (Na na na) x 2025
75%
17m Hawanae x 2020
75%
3.8m Koji je dan danas? x 2024
75%
31m Localo x 2021
75%
12m Marija x 2024
75%
4.9m Mhm mhm x 2024
75%
1.9m Oci plave x 2024
75%
3.2m Ohridski biser x 2024
75%
10m Periferija Voyage 2023
75%
10m Skankovi hibridi Seksi & Biba 2022
75%
31m Voice x 2024
75%
59m Vroom x 2021
75%
2.4m Zamena za bol x 2024
75%
4m Daytona Devito 2023
50%
1.6m Hotline x 2019
50%
1.1m Jebiga Voyage & Bausa 2025
50%
13m Opanci x 2022
50%
1.5m Sve zbog tebe Kobrica 2019
50%
1.9m Ceo fazon Biba 2025
25%
4.6m Chigirigi x 2023
25%
2.2m Duni duni x 2024
25%
74k Nemoj da me zoves Kobrica 2018
25%
2.5m Yugozapad x 2021
25%
160k Fila x 2018
0%
518k Gram x 2018
0%
75k Warm up x 2020
0%
No matching quizzes found
Score Distribution
Percent of People with Each Score
Percentile by Number Answered
Your Score History
You have not taken this quiz since the last reset